=LDR 00000nam 2200000 4500 =001 INLIS000000000009859 =005 20130612101628 =008 ***********************************Ind** =035 ##$$0010-061300000009859 =041 ##$$a Ind =082 ##$$a 641.5635 =090 ##$$a 641.5635, Pur p =100 ##$$a Purwati, Susi =245 ##$$a Perencanaan menu untuk penderita kegemukan, Ir.Purwati Susi =260 ##$$a 2002 $b Jakarta =300 ##$$a viii,112hlm, ilus, 20,5cm =650 ##$$a Diet kalori rendah =650 ##$$a masakan =850 ##$$a NBPNMAT